00618nam a2200133Ia 4500008004100000020001800041100004400059245017100103260002200274440006000296650001300356650007000369856004500439171212s9999 xx 000 0 und d a9781921862304 aRoberts, Peter;Brown, A. J.;Olsen, Jane cRoberts, Peter;Brown, A. J.;Olsen, JaneaWhistling While They WorkbA good-practice guide for managing internal reporting of wrongdoing in public sector organisations bANU E Pressc2011 aAustralia and New Zealand School of Government (ANZSOG) aBusiness aWhistle blowing; Disclosure of information; Public administration uwww.jstor.org/stable/10.2307/j.ctt24hcvb